Online
Catalog

Chocolat / (Record no. 51221)

MARC details
000 -CABECERA
campo de control de longitud fija 00689nam a22002297a 4500
003 - IDENTIFICADOR DEL NÚMERO DE CONTROL
campo de control DO-SdBNP
005 - FECHA Y HORA DE LA ÚLTIMA TRANSACCIÓN
campo de control 20250122105004.0
008 - DATOS DE LONGITUD FIJA--INFORMACIÓN GENERAL
campo de control de longitud fija 220125b2019 ||||| |||| 00| 0 spa d
020 ## - NÚMERO INTERNACIONAL ESTÁNDAR DEL LIBRO
Número Internacional Estándar del Libro 139789945608366
040 ## - FUENTE DE LA CATALOGACIÓN
Centro catalogador/agencia de origen DO-SdBNP
Lengua de catalogación spa
Centro/agencia transcriptor BNPHU
082 ## - NÚMERO DE LA CLASIFICACIÓN DECIMAL DEWEY
Número de clasificación RD863.44
Número de documento/Ítem L951c
100 1# - ENTRADA PRINCIPAL--NOMBRE DE PERSONA
Nombre de persona Lugo Ramírez, Doris E.
Fechas asociadas al nombre 1965-
9 (RLIN) 86902
100 1# - ENTRADA PRINCIPAL--NOMBRE DE PERSONA
Nombre de persona Lugo Ramírez, Doris E.
Fechas asociadas al nombre 1965-
9 (RLIN) 86902
245 ## - MENCIÓN DE TÍTULO
Título Chocolat /
Mención de responsabilidad, etc. Doris E. Lugo Ramírez
246 ## - FORMA VARIANTE DE TÍTULO
Título propio/Titulo breve Mi ama porque me ama
260 ## - PUBLICACIÓN, DISTRIBUCIÓN, ETC.
Lugar de publicación, distribución, etc. San Juan, Puerto Rico :
Nombre del editor, distribuidor, etc. Isla Negra,
Fecha de publicación, distribución, etc. 2019
590 ## - NOTA LOCAL (RLIN)
Nota local Inventariado, 2022 / DG
650 ## - PUNTO DE ACCESO ADICIONAL DE MATERIA--TÉRMINO DE MATERIA
Término de materia o nombre geográfico como elemento de entrada Cuento dominicano
9 (RLIN) 26903
650 ## - PUNTO DE ACCESO ADICIONAL DE MATERIA--TÉRMINO DE MATERIA
Término de materia o nombre geográfico como elemento de entrada Literatura dominicana
9 (RLIN) 81008
910 ## - DATOS DE OPCIÓN DEL USUARIO (OCLC)
Datos de opción del usuario DG
942 ## - ELEMENTOS DE PUNTO DE ACCESO ADICIONAL (KOHA)
Fuente del sistema de clasificación o colocación Dewey Decimal Classification
Tipo de ítem Koha Libro
Holdings
Estado de retiro Estado de pérdida Fuente del sistema de clasificación o colocación Restricciones de uso No para préstamo Código de colección Localización permanente Ubicación/localización actual Ubicación en estantería Fecha de adquisición Total de préstamos Signatura topográfica completa Código de barras Fecha visto por última vez Precio válido a partir de Tipo de ítem Koha Número de copia
    Dewey Decimal Classification Préstamo en sala   Monografías: Libros y Folletos Biblioteca Nacional Pedro Henríquez Ureña Dominicana En catalogación 18.10.2019   BNPHU DS RD863.44 L951c 2022-0221 25.01.2022 25.01.2022 Libro e.3
    Dewey Decimal Classification Excluido de préstamo   Monografías: Libros y Folletos Biblioteca Nacional Pedro Henríquez Ureña Patrimonio Dominicano En catalogación 18.10.2019   BNPHU PD RD863.44 L951c 2022-0219 25.01.2022 25.01.2022 Libro  
    Dewey Decimal Classification Excluido de préstamo   Monografías: Libros y Folletos Biblioteca Nacional Pedro Henríquez Ureña Patrimonio Dominicano En catalogación 18.10.2019   BNPHU PD RD863.44 L951c 2022-0220 25.01.2022 25.01.2022 Libro e.2

Powered by Koha